Principles of Engineering Manufacture / (Record no. 564578)
[ view plain ]
| 000 -LEADER | |
|---|---|
| fixed length control field | 00433nam a2200145Ia 4500 |
| 008 - FIXED-LENGTH DATA ELEMENTS--GENERAL INFORMATION | |
| fixed length control field | 210430s9999 xx 000 0 und d |
| 020 ## - INTERNATIONAL STANDARD BOOK NUMBER | |
| International Standard Book Number | 81-85617-87-2 |
| 082 ## - DEWEY DECIMAL CLASSIFICATION NUMBER | |
| Classification number | 670.42 P9451P |
| 100 ## - MAIN ENTRY--PERSONAL NAME | |
| Personal name | S C Black .V Chiles, A J Lissaman, S J Martin |
| 9 (RLIN) | 127820 |
| 245 ## - TITLE STATEMENT | |
| Title | Principles of Engineering Manufacture / |
| Statement of responsibility, etc. | S C Black .V Chiles |
| 250 ## - EDITION STATEMENT | |
| Edition statement | 3rd edition |
| 260 ## - PUBLICATION, DISTRIBUTION, ETC. | |
| Place of publication, distribution, etc. | India |
| Name of publisher, distributor, etc. | Edward Arnold |
| Date of publication, distribution, etc. | 2004 |
| 300 ## - PHYSICAL DESCRIPTION | |
| Extent | 637p |
| 942 ## - ADDED ENTRY ELEMENTS (KOHA) | |
| Koha item type | Book |
| Source of classification or shelving scheme | |
| Withdrawn status | Lost status | Source of classification or shelving scheme | Damaged status | Not for loan | Permanent Location | Current Location | Shelving location | Date acquired | Full call number | Barcode | Date last seen | Price effective from | Koha item type |
|---|---|---|---|---|---|---|---|---|---|---|---|---|---|
| School of Chemical & Materials Engineering (SCME) | School of Chemical & Materials Engineering (SCME) | General Stacks | 670.42 P9451 P | SCME-3797 | 04/30/2021 | 04/30/2021 | Book |
